Coastal hydrogeology / (Record no. 14662)
[ view plain ]
| 000 -LEADER | |
|---|---|
| fixed length control field | 02530 a2200241 4500 |
| 001 - CONTROL NUMBER | |
| control field | 11218 |
| 003 - CONTROL NUMBER IDENTIFIER | |
| control field | IN-BhIIT |
| 005 - DATE AND TIME OF LATEST TRANSACTION | |
| control field | 20250811113946.0 |
| 008 - FIXED-LENGTH DATA ELEMENTS--GENERAL INFORMATION | |
| fixed length control field | 250811b |||||||| |||| 00| 0 eng d |
| 020 ## - INTERNATIONAL STANDARD BOOK NUMBER | |
| ISBN | 9781107030596 (hbk.) |
| 040 ## - CATALOGING SOURCE | |
| Original cataloging agency | IN-BhIIT |
| 041 ## - LANGUAGE CODE | |
| Language code of text | eng |
| 082 ## - DEWEY DECIMAL CLASSIFICATION NUMBER | |
| Classification number | 551.49 |
| Book number | JIA/C |
| 100 ## - MAIN ENTRY--AUTHOR NAME | |
| Personal name | Jiao, Jimmy |
| Relator term | Author |
| 245 ## - TITLE STATEMENT | |
| Title | Coastal hydrogeology / |
| Statement of responsibility, etc | Jimmy Jiao and Vincent Post. |
| 260 ## - PUBLICATION, DISTRIBUTION, ETC. (IMPRINT) | |
| Place of publication | New York : |
| Name of publisher | Cambridge University Press, |
| Year of publication | 2019. |
| 300 ## - PHYSICAL DESCRIPTION | |
| Number of Pages | xvi, 403 p. : |
| Other physical details(ill.) | ill. ; |
| Dimensions(size) | 24 cm. |
| 500 ## - GENERAL NOTE | |
| General note | Jimmy Jiao is a Professor of Hydrogeology in the Department of Earth Sciences at The University of Hong Kong and has over twenty years of teaching and research experience in various topics in coastal hydrogeology. He was the 2011 recipient of the John Hem Excellence in Science and Engineering Award from the National Groundwater Association for outstanding scientific or engineering contributions to the understanding of ground water. Dr Jiao is a Fellow of the Geological Society of London, the Geological Society of America, and the American Society of Civil Engineers. He has provided consultancy services to industry and government organizations regarding various coastal groundwater issues. Dr Jiao was an Associate Editor (2004-08) and Editor (2008-15) of the Hydrogeology Journal and Associate Editor (2002-08) for Groundwater. |
| 520 ## - SUMMARY, ETC. | |
| Summary, etc | Water resources are of enormous societal and ecological importance. In coastal areas, they are under ever greater pressure due to population growth, more affluent lifestyles, food production and the growing tourism industry. Changes to the coastal landscape, through urbanisation and land reclamation, and by natural processes such as climate change and sea level rise, modify the interaction between seawater and groundwater and put water resources at risk. This comprehensive volume covers both theory and practice of coastal hydrogeology. It discusses hydrochemistry; submarine groundwater discharge; groundwater management; palaeo-hydrology; land reclamation; climate change and sea level rise; and mathematical models of variable-density flow. With its up-to-date coverage and numerous case studies that illustrate practical implications, it is perfect for students, practitioners, managers and researchers who wish to develop an in-depth understanding of topics relevant to sustainably managing coastal groundwater resources. |
| 650 ## - SUBJECT ADDED ENTRY--TOPICAL TERM | |
| Topical Term | Hydrology |
| General subdivision | Hydrogeology. |
| 700 ## - ADDED ENTRY--PERSONAL NAME | |
| Personal name | Post, Vincent |
| Relator term | Joint author |
| 942 ## - ADDED ENTRY ELEMENTS (KOHA) | |
| Koha item type | Technical Reference Book |
| Withdrawn status | Lost status | Damaged status | Not for loan | Collection code | Home library | Current library | Date acquired | Source of acquisition | Cost, normal purchase price | Full call number | Accession Number | Cost, replacement price | Price effective from | Koha item type |
|---|---|---|---|---|---|---|---|---|---|---|---|---|---|---|
| Not withdrawn | Not Lost | not damaged | SIF | Central Library, IIT Bhubaneswar | Central Library, IIT Bhubaneswar | 21/02/2025 | 31 | 4550.35 | 551.49 JIA/C | 11218 | 6233.35 | 21/02/2025 | Technical Reference Book |